000 00442nam a22001817a 4500
005 20140411082355.0
008 140306b xxu||||| |||| 00| 0 eng d
020 _a9780071751308
041 0 _aeng
080 _254
_x(075)
245 _aChemistry/
250 _a2nd ed.
260 _aNew York.
_bMc Graw Hill,
_c2011
300 _a353 f.;
_bme il.;
_c23 cm
500 _aIndex, f. 335-353
650 _2Kimia
942 _2udc
_cBK
999 _c405
_d405